Score 0/15 Timer 15:00
0 Plays Today
Question Answer Wrong Answers
The Golden Girls Betty White
93.6%
Bea Arthur
1.9%
Estelle Getty
1%
Rue McClanahan
1.9%
Breaking Bad Jonathan Banks
90.4%
Dean Norris
1.3%
Aaron Paul
2.2%
Bob Odenkirk
4.5%
NCIS: Los Angeles Eric Christian Olsen
84.3%
LL Cool J
3.8%
Daniela Rush
3.2%
Chris O'Donnell
7.3%
Roseanne John Goodman
82.4%
Roseanne Barr
2.2%
Sara Gilbert
8%
Laurie Metcalf
6.4%
Star Trek: The Next Generation LeVar Burton
78.3%
Patrick Stewart
7.7%
Marina Sirtis
3.8%
Brent Spiner
8.3%
Justified Walton Goggins
77.6%
Timothy Olyphant
14.1%
Joelle Carter
2.9%
Jacob Pitts
4.2%
The Cosby Show Malcolm-Jamal Warner
77%
Bill Cosby
6.1%
Phylicia Rashad
7.7%
Keshia Knight Pulliam
8.6%
Brooklyn Nine-Nine Joe Lo Truglio
70%
Chelsea Peretti
17.9%
Melissa Fumero
4.2%
Andre Braugher
7.3%
United States of Tara Brie Larson
69.6%
Toni Collette
10.2%
Rosemarie DeWitt
9.6%
Keir Gilchrist
9.6%
The Wire Michael Kenneth Williams
69%
Idris Elba
17.3%
Andre Royo
4.5%
Lance Reddick
8.3%
Lost Josh Holloway
64.2%
Jorge Garcia
22.7%
Evangeline Lilly
6.7%
Yunjin Kim
5.4%
Arrested Development Tony Hale
63.9%
Will Arnett
22.7%
Jessica Walter
8.3%
Michael Cera
3.5%
Whose Line Is It Anyway? (U.S.) Drew Carey
59.4%
Colin Mochrie
8%
Ryan Stiles
9.3%
Wayne Brady
22%
The Fall Guy Lee Majors
46.6%
Douglas Barr
15.3%
Heather Thomas
14.7%
Markie Post
21.1%
The Dead Zone Anthony Michael Hall
46.3%
Nicole de Boer
18.5%
Chris Bruno
23%
John L. Adams
10.2%
Remove Ads.
Support Sporcle.
Get the best of Sporcle when you Go Orange. This ad-free experience offers more features, more stats, and more fun while also helping to support Sporcle. Thank you for becoming a member.

You're not logged in!

Compare scores with friends on all Sporcle quizzes.
OR
Log In

Show Comments

Extras

Top Quizzes Today


Score Distribution

Your Account Isn't Verified!

In order to create a playlist on Sporcle, you need to verify the email address you used during registration. Go to your Sporcle Settings to finish the process.

Report this User

Report this user for behavior that violates our Community Guidelines.

Details: